[Event "Palermo op"]
[Site "Palermo"]
[Date "2004.10.31"]
[Round "4"]
[White "Gangemi, Salvatore"]
[Black "Greco, Salvatore"]
[Result "0-1"]
[WhiteElo "2105"]
[BlackElo "1877"]
[PlyCount "44"]
[EventDate "2004.10.29"]
[EventType "swiss"]
[EventRounds "9"]
[EventCountry "ITA"]
[SourceTitle "EXT 2007"]
[Source "ChessBase"]
[SourceDate "2006.11.23"]
[SourceVersion "1"]
[SourceVersionDate "2006.11.23"]
[SourceQuality "1"]

1. c4 e5 2. Nc3 Nc6 3. g3 f5 4. Bg2 Nf6 5. a3 a5 6. d3 Bc5 7. Nf3 d6 8. 0-0 0-0 9. Bg5 Be6 10. e3 h6 11. Bxf6 Qxf6 12. b3 e4 13. Ne1 Qxc3 14. dxe4 fxe4 15. Bxe4 Rae8 16. Ng2 Bh3 17. Qd5+ Kh8 18. Nh4 Ne7 19. Qxb7 Bxf1 20. Rxf1 Bxe3 21. Bg6 Rxf2 22. Rxf2 Qd2 0-1